Student study guide with IBM SPSS workbook for research methods, statistics and applications
Salvato in:
| Autore principale: | |
|---|---|
| Natura: | Libro |
| Lingua: | inglese |
| Pubblicazione: |
SAGE
2019
|
| Tags: |
Aggiungi Tag
Nessun Tag, puoi essere il primo ad aggiungerne!!
|
MARC
| LEADER | 00000nam a22000007a 4500 | ||
|---|---|---|---|
| 008 | 230109b |||||||| |||| 00| 0 eng d | ||
| 020 | |a 9781544318677 | ||
| 100 | |a ADAMS, Kathrynn A. |a Lawrence,Eva k. | ||
| 245 | |a Student study guide with IBM SPSS workbook for research methods, statistics and applications |c Adams Kathrynn A, Eva K.Lawrence |g iiix351p;ill | ||
| 250 | |b 2nd | ||
| 260 | |b SAGE |c 2019 |h Los Angeles |i 699830 |i 699831 |l HA32.Ad1 |m SPSS (Computer file) |m Research -statistical methods |m Research -statistical methods- problems, exercises etc. |m Social sciences-v- Computer programs | ||
| 942 | |a lcc |c BK |e Johnson |f 09/01/23 | ||
| 952 | |0 0 |1 0 |2 lcc |4 0 |7 0 |9 4109 |a SSL |b HOL |c GJ |d 2023-01-09 |l 0 |p 2023-0040 |r 2023-01-09 00:00:00 |t 699830 |w 2023-01-09 |y BK | ||
| 952 | |0 0 |1 0 |2 lcc |4 0 |7 0 |9 4110 |a HOL |b HOL |c GJ |d 2023-01-09 |l 0 |p 2023-0041 |r 2023-01-09 00:00:00 |t 699830 |w 2023-01-09 |y BK | ||
| 999 | |c 2060 |d 2060 | ||